Go to learn English - Estadísticas

Estadísticas generales
  • Esta prueba ha sido intentada 170 veces
    160 desde el último reinicio
  • La puntuación promedio es 24 de 50
Estadísticas de respuestas
Espanol Inglés % Correcto
Una flor Flower
87%
Una luz Light
83%
Un cuchillo Knife
80%
Un tiburon Shark
80%
Oro Gold
78%
Una paz Peace
78%
Un avion Plane
78%
Un virus Virus
78%
Permanente Permanent
77%
Una tia Aunt
76%
Un puente Bridge
75%
Un musculo Muscle
75%
Un tio Uncle
74%
Una oficina Office
73%
Una violencia Violence
73%
Una muerte Death
72%
Una piña Pineapple
72%
Alcohol Alcohol
71%
Un regalo Gift
71%
Un arroz Rice
71%
Un lobo Wolf
71%
Una nube Cloud
70%
Un dinosaurio Dinosaur
67%
Primavera Spring
67%
Una rodilla Knee
66%
Un jabon Soap
66%
Un paraguas Umbrella
66%
Aceite Oil
65%
Ciego Blind
64%
Un brócoli Broccoli
64%
Una lagrima Tear
63%
Una bruja Witch
63%
Un sentimiento / Una sensación Feeling
60%
Una aguila Eagle
59%
Un agujero Hole
59%
Una nave / Un barco Ship
59%
Una oveja Sheep
58%
Una alma Soul
57%
Una aldea / Un pueblo Village / Hamlet
56%
Una uña Nail
55%
Ajedrez Chess
54%
Una espada Sword
54%
Una salchicha Sausage
53%
Sordo Deaf
50%
Un mosquito Mosquito
50%
Una vela Candle
49%
Un cuaderno Notebook
49%
Una tolerancia Tolerance
48%
Un ejército Army
47%
Una pesadilla Nightmare
47%
Una cruz Cross
43%
Una tos Cough
40%
Un gusano Worm
40%
Una frontera Border
39%
Un cohete Rocket
39%
Un amanecer Sunrise
39%
Una tienda de campaña Tent
39%
Una ceniza Ash
38%
Una hada Fairy
38%
Un campo Field
38%
Una harina Flour
38%
Un honor Honour
38%
Calvo Bald
37%
Un puño Fist
37%
Una avispa Wasp
37%
Encantador Charming / Lovely
35%
Una censura Censorship / Censure
33%
El techo Roof
33%
Un cisne Swan
33%
Una bombilla Lightbulb / Bulb
32%
El rayo Lightning
32%
Una pluma Feather
29%
Una maleta Suitcase
29%
Un vértigo Dizziness / Vertigo
28%
Una cucaracha Cockroach
27%
Una cuarentena Quarantine
27%
Un equipaje Baggage
24%
Un trigo Wheat
24%
Una estafa Scam
23%
Una olla Pot
21%
Mudo Mute
20%
Un calefactor / Un calentador Radiator / Heater
20%
Un gancho / Un garfio Hook
18%
Un semáforo Traffic light
18%
Un producto de desecho / Un residuo Waste / Waste product
17%
Un castor Beaver
16%
Una brújula Compass
16%
Preciso Accurate
15%
Un espantapájaros Scarecrow
15%
Un molino de viento Windmill
14%
Un luto / Un duelo Bereavement / Grief
13%
Bucear To dive
8%
Barrer To sweep
8%
Una escasez Shortage
4%
No se encontraron pruebas coincidentes
Distribución de puntuación
Porcentaje de gente con cada puntuación
Porcentaje por número respondido
Historial de tus puntuaciones
No has intentado esta prueba desde el último reinicio